Zwierzęta chronione w Polsce. - Statystyki

Ogólne statystyki
  • Ten quiz został rozwiązany 73 razy
  • Średni wynik to 4 z 6
Statystyki odpowiedzi
Odpowiedź % Poprawnych
żubr
85%
ryś
76%
wilk
70%
niedźwiedź
69%
bocian
37%
kozica
22%
Nie znaleziono quizów pasujących do podanych kryteriów
Rozkład punktacji
Procent ludzi z każdym wynikiem
Percentyl według liczby udzielonych odpowiedzi
Twoja historia wyników
Nie rozwiązałeś tego quizu